000 00631nam a2200193 a 4500
001 000034974
005 20200930074024.0
008 111024s1980 sp 000 0 spa d
020 _a842700611x
040 _aDO-SdBNP
_bspa
_cBNPHU
082 _axxxx
_bxxxx
100 1 _aCano, Román J.
_960573
245 1 0 _aBiorritmos :
_bel secreto de nuestros mejores días /
_cRomán J. Cano.
260 _aBarcelona, :
_bEdiciones Martínez Roca,
_c1980.
300 _a257 p. ;
_c20 cm.
490 1 _aFontana práctica
590 _aPerteneció a la biblioteca personal de Juan Isidro Jimenes Grullón
830 0 _aFontana práctica
_948710
999 _c34465
_d34465